| 000 | 01282cam a2200229 4500 | ||
|---|---|---|---|
| 001 | ##L134112 | ||
| 008 | 060711n2006 000 0 eng u | ||
| 035 | _a(Sirsi) u134112 | ||
| 041 | 0 | _aeng | |
| 050 | 0 | 4 | _a332.6324 $2 18 |
| 110 | 2 |
_aGVA Grimley _93646 |
|
| 245 | 0 | 0 |
_aSurvey of property trends _bcommercial property - meeting the needs of business |
| 260 |
_aLondon _bGVA Grimley _c2006 |
||
| 490 | 0 |
_aCBI/GVA Grimley Survey of Property Trends _vWinter 2005/06 |
|
| 520 | _aSupplements the CBI/GVA Grimley "Survey of property trends" (L134111) conducted in November 2005. Questions respondents on the ability of their operational property portfolio to meet the challenges of the continually changing business environment. Finds that overall results are encouraging, with property seen as only a moderate constraint in meeting business needs, and with an improvement in the willingness of landlords to make lease terms more flexible. Graphs. | ||
| 650 | 2 | 4 | _aCBI/GVA GRIMLEY SURVEY OF PROPERTY TRENDS |
| 651 | 4 |
_aUnited Kingdom _y |
|
| 690 | _aPROPERTY-COMMERCIAL PROPERTY-COMMERCIAL PROPERTY MARKET | ||
| 710 | 2 |
_aConfederation of British Industry _9414 |
|
| 856 | 4 | 0 |
_uhttps://www.gvagrimley.co.uk/ _zView the item free of charge at www.gvagrimley.co.uk... |
| 942 | _n0 | ||
| 999 |
_c105548 _d105548 |
||